000
00260nam a2200121Ia 4500
100
_a
Nelson/ R.P.
942
_c
BK
654
_a
Microsofts
245
_a
Microsoft''''s 80386/80486
260
_b
Microsoft
_a
Washington
_c
1991
546
_a
ENGLISH
999
_c
22070
_d
22070